000 00522nam a22001577a 4500
999 _c533775
_d533775
020 _qHard Cover.
082 _a624.15
100 _aNaseem, Ahsan
245 _aGeotechnical investigation of a selected area using menard’s pressuremeter /
_cAhsan Naseem.
260 _aIslamabad :
_bNICE - NUST,
_c2015.
300 _aviii, 90 p. ill. ;
_c30cm.
942 _2ddc
_cTHE
650 _aMS Civil Engineering.
_927346
700 _aDr. S. Muhammad Jamil . Ph. D
_927755